00554nam a2200193 i 4500001001100000003000500011005001700016008004100033040002500074082001400099245003900113264005500152300003100207336002100238337002500259338002300284650002300307700003000330C2-0099030PPAK20180727094530.0970520s1986 my |||| ||||| | may d aPPAKbengcPPAKerda04a959.522300aSulalatus Salatin bsejarah Melayu 1aKuala Lumpur : bDewan Bahasa dan Pustaka , c1986 axxxix, 375 pages ; c21 cm 2rdacontentatext 2rdamediaaunmediated 2rdacarrieravolume10aMalaysia - History0 aA. Samad Ahmad, ecompile